01724nam a2200313 4500001000400000003000400004005001700008008004100025020001800066040000800084041001300092082001400105100003300119240001200152245006500164260003300229300001100262520079700273650003201070650001301102650002301115650003701138655001901175655002001194700003601214942001501250952013201265999001301397413OSt20250528074019.0250516b |||||||g |||| 00| 1 eng d a9788501117373 bpor hengapor a920bO18e aO'connell ryan d1986- 9897 aSpecial aEspecial /cO'Connell, Ryan; Tradução de Adriana Fidalgo aRio de JaneirobGalerac2019 a225 p. aO livro que deu origem à série Special, da Netflix. Como se os desafios de ser um jovem gay com paralisia cerebral não fossem o bastante, Ryan O’Connell viveu todos os clichês de um Millennial. Ele passou a segunda década de sua vida estagiando para divas delirantes, engolindo todos os remédios que conseguia encontrar pelo caminho e tentando achar o amor verdadeiro — coff coff — no Grindr. Mas depois de tanta tentativa e erro, Ryan pode dizer, com propriedade, que mancou elegantemente todo o caminho para a vida adulta. Especial, seu (hilário) relato autobiográfico, é uma reflexão sobre o mundo cruel que espera jovens de vinte e poucos anos superprotegidos pelos pais e uma lição de como encontrar a si mesmo em meio às disputas por likes e seguidores. 0aLiteratura australiana9219 0aLGBT950 0aAutobiografia9887 0aEm busca do amor verdadeiro9888 0aBiografia 936 0aFicção 922 aAdriana FidalgoeTRADUTORA9889 2ddcn0cBK 00102ddc40708BIOaBIBIBbBIBIBcBIOd2025-05-16edoaçãol0o920 / O18ep2025-17351r2025-05-16 13:55:40w2025-05-16yBK c413d413